Countries Visiting South Africa the Most - Statistics

General Stats
  • This quiz has been taken 377 times
  • The average score is 17 of 20
Answer Stats
~ No.visitors (2016) # Country % Correct
407,000 1 United Kingdom
98%
297,000 2 United States
98%
128,000 4 France
92%
594,000 5 Botswana
90%
257,000 3 Germany
90%
213,00 6 Namibia
90%
1,395,000 2 Lesotho
89%
1,200,000 3 Mozambique
89%
1,901,000 1 Zimbabwe
88%
85,000 7 China
87%
99,000 6 Australia
86%
48,000 9 Angola
84%
161,000 7 Zambia
84%
56,000 9 Canada
83%
52,000 10 Italy
83%
78,000 8 India
80%
36,000 10 Tanzania
79%
122,000 5 Netherlands
70%
135,000 8 Malawi
64%
838,000 4 Swaziland
47%
No matching quizzes found
Score Distribution
Percent of People with Each Score
Percentile by Number Answered
Your Score History
You have not taken this quiz